Countries Where Religion is Least Important - Statistics

General Stats
  • This quiz has been taken 100 times
  • The average score is 11 of 14
Answer Stats
% Country % Correct
73 United Kingdom
91%
85 Sweden
90%
81 Denmark
89%
78 Norway
89%
70 Finland
88%
68 Australia
79%
66 New Zealand
78%
69 France
76%
86 Estonia
73%
67 Netherlands
72%
75 Japan
69%
75 Czech Republic
68%
66 Russia
68%
69 Vietnam
30%
No matching quizzes found
Score Distribution
Percent of People with Each Score
Percentile by Number Answered
Your Score History
You have not taken this quiz